[Event "Ann Arbor (Fall Open/4/2)"]
[Site "?"]
[Date "1996.??.??"]
[Round "?"]
[White "Hartwig, Thomas"]
[Black "Townsend, Paul"]
[Result "0-1"]
[WhiteElo "1925"]
[BlackElo "1905"]
[PlyCount "62"]
[EventDate "1996.??.??"]

{4/(2)} 1. e4 e6 2. d4 b6 3. Bd3 Bb7 4. Ne2 c5 5. Nbc3 cxd4 6. Nxd4 Nc6 7. Nxc6
dxc6 8. O-O Nf6 9. Be3 Bb4 10. Ne2 Qc7 11. c3 Bd6 12. f4 Be7 13. Qc2 c5 14. Ng3
c4 15. Be2 h5 16. Bf3 Ng4 17. Bxg4 hxg4 18. Rad1 Bc5 19. Bxc5 Qxc5+ 20. Qf2 Qe7
21. Qd4 Rd8 22. Qxg7 Qh4 23. Rxd8+ Kxd8 24. Qg5+ f6 25. Rd1+ Kc7 26. Qg7+ Kb8
27. Rd7 Qxh2+ 28. Kf2 Bxe4 29. Rxa7 Qxg2+ 30. Ke3 Qf3+ 31. Kd4 Qd3# 0-1

[Event "Lansing (MI Op/6/20)"]
[Site "?"]
[Date "1996.??.??"]
[Round "?"]
[White "Hartwig, Thomas"]
[Black "Smith, Mike A"]
[Result "1-0"]
[WhiteElo "1870"]
[BlackElo "1950"]
[PlyCount "109"]
[EventDate "1996.??.??"]

{6/(20)} 1. e4 c6 2. d4 d5 3. Nc3 dxe4 4. Nxe4 Bf5 5. Ng3 Bg6 6. Nf3 Nd7 7. h4
h6 8. h5 Bh7 9. Bd3 Bxd3 10. Qxd3 Qc7 11. Ne2 e6 12. Bf4 Bd6 13. Qe3 Ngf6 14.
Bxd6 Qxd6 15. Nc3 O-O-O 16. Ne5 Qe7 17. O-O-O Kb8 18. Qg3 Nxe5 19. dxe5 Rxd1+
20. Nxd1 Ne8 21. Nc3 Qg5+ 22. Qxg5 hxg5 23. Ne4 g4 24. Ng5 f6 25. exf6 Nxf6 26.
Nxe6 Rxh5 27. Rxh5 Nxh5 28. Kd2 Kc8 29. Ke3 Kd7 30. Nc5+ Kc7 31. Ke4 b6 32. Nd3
Kd6 33. Kf5 g3 34. f3 c5 35. Kg4 Nf6+ 36. Kxg3 Nd5 37. Nf4 Nb4 38. c3 Nxa2 39.
Nh5 g6 40. Nf4 a5 41. Nxg6 Nxc3 42. Kf4 a4 43. Ne5 Nd1 44. Nc4+ Kc7 45. g4 Nxb2
46. Na3 Kd6 47. Kf5 Ke7 48. Kg6 c4 49. g5 c3 50. Kh7 Nc4 51. Nc2 Nd6 52. g6 Ne8
53. g7 Nf6+ 54. Kg6 b5 55. Nb4 1-0

[Event "Ann Arbor (Fall Open/2/2)"]
[Site "?"]
[Date "1996.??.??"]
[Round "?"]
[White "Hartwig, Thomas"]
[Black "Santiago, Reynaldo"]
[Result "1-0"]
[WhiteElo "1925"]
[BlackElo "2000"]
[PlyCount "61"]
[EventDate "1996.??.??"]

{2/(2)} 1. e4 c5 2. Nf3 d6 3. d4 cxd4 4. Nxd4 Nf6 5. Nc3 a6 6. Bg5 e6 7. f4
Nbd7 8. Qf3 Qc7 9. O-O-O Be7 10. g4 b5 11. Bxf6 Nxf6 12. g5 Nd7 13. f5 Bxg5+
14. Kb1 Nc5 15. Bxb5+ axb5 16. Ndxb5 Qb8 17. Nxd6+ Ke7 18. Nxf7 Bf6 19. Nxh8
Na4 20. Nxa4 Rxa4 21. c3 Bb7 22. Rhe1 Qa8 23. Qh5 Bxe4+ 24. Kc1 Qxh8 25. fxe6
g6 26. Qc5+ Kxe6 27. Qd5+ Ke7 28. Rxe4+ Rxe4 29. Qxe4+ Kf7 30. Rd7+ Kf8 31.
Qa8+ 1-0

[Event "Lansing (MI Op/3/29)"]
[Site "?"]
[Date "1996.??.??"]
[Round "?"]
[White "Hartwig, Thomas"]
[Black "Moody, David"]
[Result "1-0"]
[WhiteElo "1870"]
[BlackElo "2050"]
[PlyCount "41"]
[EventDate "1996.??.??"]

{3/(29)} 1. e4 c5 2. Nf3 Nc6 3. d4 cxd4 4. Nxd4 Qb6 5. Nb3 e6 6. Nc3 a6 7. Be3
Qc7 8. f4 Bb4 9. Bd3 Nf6 10. O-O Bxc3 11. bxc3 b5 12. Bd4 Bb7 13. Qe2 Nxd4 14.
cxd4 d6 15. Rae1 Rc8 16. e5 Nd5 17. f5 dxe5 18. fxe6 Nf4 19. exf7+ Kf8 20. Rxf4
exf4 21. Qe8+ 1-0

[Event "Ann Arbor (Mini-Swiss/2/4)"]
[Site "?"]
[Date "1996.??.??"]
[Round "?"]
[White "Hartwig, Thomas"]
[Black "Mankiewicz, Ryan"]
[Result "0-1"]
[WhiteElo "1870"]
[BlackElo "2000"]
[PlyCount "54"]
[EventDate "1996.??.??"]

{2/(4)} 1. e4 d6 2. d4 Nf6 3. Nc3 g6 4. Nf3 Bg7 5. Bg5 O-O 6. Qd2 c6 7. O-O-O
b5 8. e5 Ne8 9. Qe3 f6 10. Bh6 Qa5 11. Kb1 b4 12. Ne4 Be6 13. b3 Qc7 14. Bd3
Nd7 15. exd6 exd6 16. Nxd6 Bxb3 17. axb3 Nxd6 18. Bxg7 Kxg7 19. h4 Nb6 20. h5
Nd5 21. Qh6+ Kxh6 22. hxg6+ Kg7 23. Rxh7+ Kg8 24. Rdh1 Qxh7 25. gxh7+ Kg7 26.
Rh3 Nc3+ 27. Kb2 Nd1+ 0-1

[Event "Flint (MI Jr/4/2)"]
[Site "?"]
[Date "1996.??.??"]
[Round "?"]
[White "Hartwig, Thomas"]
[Black "Mankiewicz, Ryan"]
[Result "1/2-1/2"]
[WhiteElo "1750"]
[BlackElo "1995"]
[PlyCount "113"]
[EventDate "1996.??.??"]

{4/(2)} 1. e4 d6 2. d4 Nf6 3. Nc3 g6 4. Nf3 Bg7 5. Bc4 O-O 6. Bg5 Nxe4 7. Nxe4
d5 8. Bd3 dxe4 9. Bxe4 c6 10. Qd2 Nd7 11. Bh6 Nf6 12. Bd3 Bg4 13. Bxg7 Kxg7 14.
Be2 Qb6 15. O-O-O Rfd8 16. h3 Bxf3 17. Bxf3 e5 18. Qg5 e4 19. Be2 Rxd4 20. Qe5
Rad8 21. g4 R8d5 22. Qg3 Qa5 23. Rxd4 Rxd4 24. Qe3 c5 25. c3 Qc7 26. Kb1 Nd5
27. Qg5 f6 28. Qc1 Ra4 29. Qd1 Qc6 30. Qb3 c4 31. Qc2 e3 32. Rf1 b5 33. Bf3
Nxc3+ 34. Qxc3 Qxf3 35. Qxe3 Qxe3 36. fxe3 Ra6 37. Rd1 Re6 38. Rd7+ Kh6 39.
Rxa7 Rxe3 40. h4 Rh3 41. g5+ fxg5 42. hxg5+ Kxg5 43. Ra5 h5 44. Rxb5+ Kh6 45.
a4 Rh1+ 46. Ka2 h4 47. a5 h3 48. Rb8 h2 49. Rh8+ Kg7 50. Rh3 g5 51. a6 Rf1 52.
Rxh2 Rf6 53. Ka3 Rxa6+ 54. Kb4 Rc6 55. Rc2 g4 56. Rg2 Rg6 57. Kxc4 1/2-1/2

[Event "Detroit (Class B/4/10)"]
[Site "?"]
[Date "1996.??.??"]
[Round "?"]
[White "Hartwig, Thomas"]
[Black "Collins, Charles"]
[Result "1-0"]
[WhiteElo "1670"]
[BlackElo "1715"]
[PlyCount "47"]
[EventDate "1996.??.??"]

{4/(10)} 1. e4 Nf6 2. e5 Nd5 3. d4 d6 4. c4 Nb6 5. exd6 cxd6 6. Nc3 Nc6 7. d5
Ne5 8. Nf3 Bg4 9. c5 dxc5 10. Nxe5 Bxd1 11. Bb5+ Nd7 12. Bxd7+ Qxd7 13. Nxd7
Kxd7 14. Kxd1 g6 15. Bd2 Bg7 16. Kc2 Rhd8 17. Rhe1 a6 18. Bg5 f6 19. Bf4 Rac8
20. Re6 b5 21. Rae1 Bf8 22. Rxa6 b4 23. Ra7+ Ke8 24. Nb5 1-0

[Event "Howell (US Am N/3/11)"]
[Site "?"]
[Date "1996.??.??"]
[Round "?"]
[White "Hartwig, Thomas"]
[Black "Clark, K."]
[Result "0-1"]
[WhiteElo "1760"]
[BlackElo "2055"]
[PlyCount "100"]
[EventDate "1996.??.??"]

{3/(11)} 1. e4 e6 2. d4 d5 3. Nc3 Bb4 4. e5 c5 5. a3 Ba5 6. b4 cxd4 7. Qxd4 Bc7
8. Nf3 Ne7 9. Qg4 O-O 10. Bd3 f5 11. exf6 Rxf6 12. Qh5 g6 13. Qh4 Nf5 14. Bxf5
Rxf5 15. Qxd8+ Bxd8 16. Nb5 Bf6 17. Nbd4 Nc6 18. Nxc6 Rxf3 19. Rb1 Rc3 20. Bb2
bxc6 21. O-O Kf7 22. Bxc3 Bxc3 23. Rb3 d4 24. Rfb1 Ba6 25. a4 Bc4 26. Ra3 a6
27. Rd1 Kf6 28. f4 g5 29. fxg5+ Kxg5 30. h4+ Kg6 31. Kh2 Rf8 32. Kg1 Rf4 33. g3
Re4 34. b5 cxb5 35. axb5 Bxb5 36. Kg2 Kh5 37. Kh3 e5 38. Rb1 Re3 39. Rab3 e4
40. Rxb5+ axb5 41. Rxb5+ Kg6 42. Rb6+ Kf5 43. Rh6 Be1 44. Rxh7 Bxg3 45. Rh5+
Kf6 46. Rb5 Be5+ 47. Kg4 Rg3+ 48. Kh5 e3 49. Rb6+ Kf5 50. c4 e2 0-1

[Event "Flint (MI Jr/2/5)"]
[Site "?"]
[Date "1996.??.??"]
[Round "?"]
[White "Hartwig, Thomas"]
[Black "Charette, K."]
[Result "1-0"]
[WhiteElo "1750"]
[BlackElo "1605"]
[PlyCount "97"]
[EventDate "1996.??.??"]

{2/(5)} 1. e4 e5 2. Nf3 Nf6 3. Nxe5 d6 4. Nf3 Nxe4 5. d4 d5 6. Bd3 Nf6 7. O-O
Be7 8. Bf4 Bg4 9. h3 Bh5 10. Nbd2 Nbd7 11. c3 c5 12. dxc5 Nxc5 13. Nb3 Ne6 14.
Be3 O-O 15. Be2 Bd6 16. Nfd4 Bg6 17. f4 Be4 18. Bf3 Qe7 19. Bxe4 dxe4 20. Nf5
Qc7 21. Qxd6 Qc4 22. Qd2 Rfd8 23. Nfd4 Nc7 24. Qe2 Qd5 25. Rad1 Qd7 26. f5 b6
27. Ne6 Qe7 28. Rxd8+ Rxd8 29. Nxd8 Qxd8 30. Qd2 Qe8 31. Rd1 Qe5 32. Bf4 Qxf5
33. Bxc7 Qe6 34. Qd6 Qxd6 35. Rxd6 Kf8 36. Rd8+ Ke7 37. Ra8 Ke6 38. Rxa7 Kd5
39. Bxb6 Kc4 40. Bd4 Nd5 41. Ra5 e3 42. Rc5+ Kd3 43. Rxd5 e2 44. Kf2 e1=Q+ 45.
Kxe1 Kc2 46. c4 Kb1 47. Kd2 Kxa2 48. Kc2 f5 49. Ra5# 1-0

[Event "Howell (US Am N/5/21)"]
[Site "?"]
[Date "1996.??.??"]
[Round "?"]
[White "Hartwig, Thomas"]
[Black "Charette, K."]
[Result "0-1"]
[WhiteElo "1760"]
[BlackElo "1605"]
[PlyCount "40"]
[EventDate "1996.??.??"]

{5/(21)} 1. e4 e5 2. Nf3 Nf6 3. Nxe5 d6 4. Nf3 Nxe4 5. d4 d5 6. Bd3 Nf6 7. O-O
Be7 8. Bg5 Nbd7 9. Re1 O-O 10. Nc3 c6 11. Ne5 Re8 12. Re3 Nxe5 13. dxe5 Ng4 14.
Bxe7 Rxe7 15. Rh3 h6 16. f4 Nxe5 17. Rg3 Nxd3 18. Qxd3 Qb6+ 19. Kh1 Qxb2 20.
Rb1 Qxb1+ 0-1

[Event "Howell (US Am N/1/30)"]
[Site "?"]
[Date "1996.??.??"]
[Round "?"]
[White "Hartwig, Thomas"]
[Black "Carpenter, O."]
[Result "1-0"]
[WhiteElo "1760"]
[BlackElo "1605"]
[PlyCount "91"]
[EventDate "1996.??.??"]

{1/(30)} 1. e4 c5 2. Nf3 d6 3. d4 cxd4 4. Nxd4 Nf6 5. Nc3 g6 6. Be3 Bg7 7. f3
O-O 8. Qd2 Nc6 9. Bc4 Ne5 10. Bb3 Bd7 11. O-O-O Qa5 12. Kb1 Rfc8 13. h4 Rxc3
14. Qxc3 Qxc3 15. bxc3 Rc8 16. Ne2 b6 17. Nf4 Nc4 18. Bc1 a5 19. Rhe1 a4 20.
Bxc4 Rxc4 21. Rd3 Ne8 22. Nd5 Kf8 23. Nxb6 Rc7 24. Nxd7+ Rxd7 25. Be3 Rc7 26.
Ka1 a3 27. Bd4 e5 28. Be3 f5 29. Rb1 Rd7 30. Rb3 Rf7 31. Rxa3 fxe4 32. fxe4
Rf1+ 33. Kb2 Kg8 34. Ra8 Kf7 35. a4 Bf8 36. a5 Nf6 37. a6 Ne8 38. Rxe8 Kxe8 39.
a7 Be7 40. a8=Q+ Kd7 41. Qb7+ Ke6 42. Bg5 Bxg5 43. hxg5 Rf7 44. Qd5+ Ke7 45.
Qxd6+ Ke8 46. Qd8# 1-0

[Event "Lansing (MI Op/5/15)"]
[Site "?"]
[Date "1996.??.??"]
[Round "?"]
[White "Hartwig, Thomas"]
[Black "Brooks, John"]
[Result "0-1"]
[WhiteElo "1870"]
[BlackElo "2245"]
[PlyCount "96"]
[EventDate "1996.??.??"]

{5/(15)} 1. e4 c5 2. Nf3 e6 3. d4 cxd4 4. Nxd4 Nf6 5. Nc3 Bb4 6. e5 Ne4 7. Qf3
Qc7 8. Qxe4 Bxc3+ 9. Kd1 Bxd4 10. Qxd4 Nc6 11. Qd6 Qb6 12. f3 Qd4+ 13. Qxd4
Nxd4 14. Bd3 Nc6 15. Bf4 b6 16. Re1 Bb7 17. Be4 Na5 18. Bxb7 Nxb7 19. Ke2 Rc8
20. c3 f6 21. exf6 gxf6 22. Rad1 Ke7 23. Kf2 h5 24. h4 Rhg8 25. Re2 Rc4 26.
Red2 d5 27. Rd4 b5 28. Be3 Kd6 29. a4 a6 30. axb5 axb5 31. Ra1 Nc5 32. Ke2
Rxg2+ 33. Bf2 Rxd4 34. cxd4 Nd3 35. Ra6+ Ke7 36. Ra7+ Ke8 37. Kxd3 Rxf2 38. Ke3
Rxb2 39. Rh7 Rb3+ 40. Ke2 Kf8 41. Rxh5 Kg7 42. f4 Kg6 43. Rh8 Kf5 44. h5 Kxf4
45. h6 Rb2+ 46. Kd3 Rb3+ 47. Ke2 Rh3 48. Rb8 Ke4 0-1

[Event "Detroit (Class DE/2/17)"]
[Site "?"]
[Date "1996.??.??"]
[Round "?"]
[White "Hartley, A."]
[Black "Lueer, Michael"]
[Result "1-0"]
[WhiteElo "1605"]
[BlackElo "1605"]
[PlyCount "79"]
[EventDate "1996.??.??"]

{2/(17)} 1. e4 g6 2. d4 Bg7 3. Nf3 c6 4. c3 d5 5. e5 Bg4 6. Nbd2 Nd7 7. h3 Bxf3
8. Nxf3 f6 9. Bf4 e6 10. Bd3 Ne7 11. Qe2 O-O 12. O-O-O g5 13. exf6 Nxf6 14.
Qxe6+ Kh8 15. Nxg5 Qe8 16. Bd6 Qc8 17. Qxe7 Bh6 18. h4 Qd8 19. Kc2 Qxe7 20.
Bxe7 Ng4 21. Bxf8 Rxf8 22. Nxh7 Rxf2+ 23. Kb1 Ne3 24. Rde1 Rxg2 25. h5 Bf4 26.
Bg6 Nc4 27. Re8+ Kg7 28. Re7+ Kh6 29. Rxb7 Nd2+ 30. Ka1 a5 31. Nf8 Bd6 32. Ne6
Rxg6 33. hxg6+ Kxg6 34. Ra7 Kf5 35. Nd8 c5 36. dxc5 Bxc5 37. Rxa5 Ne4 38. Rh5+
Kf4 39. Ne6+ Kg4 40. Rxd5 1-0

[Event "Detroit (Class DE/5/9)"]
[Site "?"]
[Date "1996.??.??"]
[Round "?"]
[White "Hartley, A."]
[Black "Kyser, Bob"]
[Result "1-0"]
[WhiteElo "1605"]
[BlackElo "1605"]
[PlyCount "75"]
[EventDate "1996.??.??"]

{5/(9)} 1. e4 e5 2. Nf3 Nc6 3. d4 Nf6 4. d5 Nb8 5. Nxe5 d6 6. Nf3 Nxe4 7. Bd3
Nc5 8. O-O Nxd3 9. Qxd3 Be7 10. c4 Bg4 11. Re1 O-O 12. Nc3 Nd7 13. Ne4 Bxf3 14.
Qxf3 Ne5 15. Qe2 Qd7 16. Nc5 dxc5 17. Qxe5 Rae8 18. Qh5 Bf6 19. Bd2 g6 20. Qf3
Rxe1+ 21. Rxe1 Bxb2 22. Rb1 Bg7 23. Rxb7 Ra8 24. Qa3 Bf8 25. Rxa7 Rxa7 26. Qxa7
Bd6 27. f3 f6 28. Bh6 g5 29. Qb8+ Kf7 30. Qh8 Kg6 31. Bf8 Kf5 32. Bg7 Kg6 33.
Bxf6 Bxh2+ 34. Kxh2 Qf7 35. Be5 Kf5 36. Qg7 Qh5+ 37. Kg1 Qg6 38. g4# 1-0

[Event "Detroit (Class DE/4/14)"]
[Site "?"]
[Date "1996.??.??"]
[Round "?"]
[White "Hartley, A."]
[Black "Jenkins, C."]
[Result "1-0"]
[WhiteElo "1605"]
[BlackElo "1605"]
[PlyCount "67"]
[EventDate "1996.??.??"]

{4/(14)} 1. e4 e5 2. Nf3 Nc6 3. d4 Nf6 4. d5 Nb8 5. Nxe5 d6 6. Nf3 Nxe4 7. Bd3
Nf6 8. O-O Nxd5 9. Bxh7 Rxh7 10. Qxd5 Bg4 11. Ng5 Be6 12. Nxe6 fxe6 13. Qxe6+
Be7 14. Qg8+ Kd7 15. Qxh7 Nc6 16. Qxg7 Nb4 17. Qg4+ Ke8 18. Qxb4 Rb8 19. Re1
Kd7 20. Qg4+ Kc6 21. Qe4+ Kd7 22. Qe6+ Kc6 23. Qxe7 Qxe7 24. Rxe7 Rd8 25. Nc3
d5 26. Bf4 Rc8 27. Rd1 b6 28. Nxd5 Rd8 29. Rxc7+ Kb5 30. Nc3+ Ka6 31. Rxd8 b5
32. Rb8 b4 33. Rc6+ Ka5 34. Rb5# 1-0

[Event "Kalamazoo (MI Am/1/29)"]
[Site "?"]
[Date "1996.??.??"]
[Round "?"]
[White "Harris, M."]
[Black "Scioly, Tony"]
[Result "0-1"]
[WhiteElo "1605"]
[BlackElo "1605"]
[PlyCount "124"]
[EventDate "1996.??.??"]

{1/(29)} 1. d4 Nf6 2. Nf3 g6 3. Bf4 Bg7 4. e3 O-O 5. Bd3 d6 6. O-O Nbd7 7. h3
Re8 8. Nbd2 e5 9. Bh2 e4 10. Bc4 exf3 11. Nxf3 Nb6 12. Bd3 Be6 13. c3 d5 14.
Nd2 c6 15. Nb3 Nbd7 16. Bf4 Ne4 17. f3 g5 18. Bh2 Nef6 19. Bd6 h5 20. Qc2 Bf8
21. Bb4 Bxb4 22. cxb4 Qc7 23. Nc5 Nxc5 24. bxc5 Kg7 25. Rae1 g4 26. fxg4 hxg4
27. h4 Qg3 28. Qf2 Qxf2+ 29. Rxf2 Ne4 30. Rf4 f5 31. Kh2 g3+ 32. Kg1 Rh8 33.
Be2 Rh6 34. h5 Nf6 35. Rh4 Rah8 36. Rh3 Nxh5 37. Bxh5 Rxh5 38. Rxg3+ Kf6 39.
Kf2 Rg5 40. Rf3 Rhg8 41. Rg1 b6 42. cxb6 axb6 43. b4 Ra8 44. Ra1 c5 45. dxc5
bxc5 46. bxc5 Ra5 47. c6 Rc5 48. a4 Rxc6 49. a5 Rc2+ 50. Kf1 Rgxg2 51. a6 Rh2
52. Rf2 Rhxf2+ 53. Kg1 Rg2+ 54. Kh1 Rh2+ 55. Kg1 Rcg2+ 56. Kf1 Ra2 57. Rxa2
Rxa2 58. Ke1 d4 59. exd4 Bd5 60. Kd1 Kg5 61. Kc1 Kf4 62. a7 Ke3 0-1

[Event "Ann Arbor (Mini-Swiss/2/9)"]
[Site "?"]
[Date "1996.??.??"]
[Round "?"]
[White "Harris, M."]
[Black "Scioly, Tony"]
[Result "0-1"]
[WhiteElo "1605"]
[BlackElo "1605"]
[PlyCount "84"]
[EventDate "1996.??.??"]

{2/(9)} 1. d4 Nf6 2. Bf4 g6 3. e3 Bg7 4. c4 O-O 5. Nc3 d6 6. d5 e5 7. Bg5 h6 8.
Bh4 Qe8 9. e4 Nxe4 10. Nxe4 f5 11. Nc3 g5 12. h3 gxh4 13. Qd2 Nd7 14. O-O-O e4
15. Nge2 Nc5 16. Nf4 a6 17. Rg1 b5 18. b4 Na4 19. Nxa4 bxa4 20. a3 Qe5 21. Qa2
Qxf4+ 22. Kb1 e3 23. g3 Qxf2 24. Qxf2 exf2 25. Rg2 hxg3 26. Rxg3 Re8 27. Kc2
Re1 28. Rf3 Rxd1 29. Kxd1 Be5 30. Rxf2 f4 31. Rg2+ Kf7 32. h4 Bh3 33. Rf2 Bxf1
34. Rxf1 Rg8 35. Kd2 Rg3 36. c5 dxc5 37. bxc5 Rxa3 38. Re1 Bc3+ 39. Kd1 Bxe1
40. Kxe1 Ra2 41. d6 cxd6 42. c6 Rc2 0-1

[Event "Ann Arbor (Mini-Swiss/1/10)"]
[Site "?"]
[Date "1996.??.??"]
[Round "?"]
[White "Harris, M."]
[Black "Iyer, Krishnan"]
[Result "1/2-1/2"]
[WhiteElo "1605"]
[BlackElo "1605"]
[PlyCount "108"]
[EventDate "1996.??.??"]

{1/(10)} 1. d4 d5 2. Nf3 Nf6 3. Bf4 Nc6 4. e3 e6 5. Bb5 Bd7 6. O-O Be7 7. h3 a6
8. Bd3 Nb4 9. Be2 c5 10. Ne5 cxd4 11. Nxd7 Qxd7 12. c4 dxc4 13. Bxc4 d3 14. a3
Rc8 15. b3 Nc2 16. Ra2 Rd8 17. b4 b5 18. Bb3 Nxb4 19. axb4 Bxb4 20. Rxa6 O-O
21. Ra2 Ne4 22. Qf3 Nc5 23. Bd1 e5 24. Bxe5 Qe6 25. Bc7 Qxa2 26. Bxd8 Rxd8 27.
Nc3 Bxc3 28. Qc6 Qc4 29. Qb6 Ne6 30. Bg4 Bf6 31. f4 Qc5 32. Qxc5 Nxc5 33. Rc1
Be7 34. Bf3 f5 35. Rb1 d2 36. g4 g6 37. Kf1 Ne4 38. Kg2 Nc3 39. Ra1 d1=Q 40.
Bxd1 Nxd1 41. Kf3 b4 42. gxf5 gxf5 43. Ra7 Kf7 44. Rb7 Kf6 45. h4 Nc3 46. h5
Ne4 47. Rb6+ Bd6 48. Rb7 h6 49. Rh7 Bf8 50. Rb7 b3 51. Rb6+ Bd6 52. Ra6 b2 53.
Rb6 Rb8 54. Rxb2 Rxb2 1/2-1/2

[Event "Kalamazoo (MI Am/5/26)"]
[Site "?"]
[Date "1996.??.??"]
[Round "?"]
[White "Harris, M."]
[Black "Hosking, R."]
[Result "1/2-1/2"]
[WhiteElo "1605"]
[BlackElo "1605"]
[PlyCount "151"]
[EventDate "1996.??.??"]

{5/(26)} 1. d4 Nf6 2. Nf3 d5 3. Bf4 Nbd7 4. e3 e6 5. Bd3 h6 6. h3 Be7 7. O-O a6
8. Nbd2 c5 9. c3 c4 10. Bc2 O-O 11. b3 b5 12. a4 Bb7 13. bxc4 bxc4 14. Ra2 Bc6
15. Rb2 Qa5 16. Nb1 Nh5 17. Bh2 Nhf6 18. Ne5 Nxe5 19. Bxe5 Nd7 20. Bh2 f5 21.
Bf4 Nf6 22. Ra2 Qd8 23. Nd2 Bd6 24. Re1 Bxf4 25. exf4 Qc7 26. Rxe6 Bd7 27. Re5
Ne4 28. Nb1 Qd6 29. f3 Nf6 30. Bxf5 Bxf5 31. Rxf5 Qe6 32. Re5 Qd6 33. Rae2 Nd7
34. Re7 Rxf4 35. Re8+ Rxe8 36. Rxe8+ Rf8 37. Qe1 Rxe8 38. Qxe8+ Kh7 39. Nd2 Nf6
40. Qe5 Qxe5 41. dxe5 Nd7 42. e6 Nf6 43. g4 Kg8 44. f4 g6 45. Nf3 Kf8 46. Ne5
Ke7 47. f5 gxf5 48. gxf5 Kd6 49. Ng4 Ne4 50. Kf1 Nxc3 51. Ne5 Nxa4 52. Ng6 c3
53. e7 Kd7 54. Ke1 d4 55. f6 Ke8 56. Ne5 Nb2 57. Ke2 Na4 58. Kd3 Nc5+ 59. Kc2
Ne4 60. Nf3 Nxf6 61. Nxd4 Kxe7 62. Kxc3 Ne4+ 63. Kb4 Kf6 64. Nf3 Ng5 65. Ng1
Kf5 66. Ka5 Ne4 67. Ne2 Nf2 68. h4 Kg4 69. Kxa6 Kxh4 70. Kb5 Kg4 71. Kc4 h5 72.
Kc3 h4 73. Ng1 Kg3 74. Ne2+ Kf3 75. Kd2 h3 76. Ng1+ 1/2-1/2

[Event "Kalamazoo (MI Am/3/26)"]
[Site "?"]
[Date "1996.??.??"]
[Round "?"]
[White "Harris, M."]
[Black "Carpenter, O."]
[Result "0-1"]
[WhiteElo "1605"]
[BlackElo "1605"]
[PlyCount "70"]
[EventDate "1996.??.??"]

{3/(26)} 1. d4 d5 2. Bf4 e6 3. e3 c5 4. Bb5+ Bd7 5. Bxd7+ Nxd7 6. Nf3 f6 7. O-O
c4 8. Re1 Qb6 9. b3 cxb3 10. axb3 Bd6 11. Bxd6 Qxd6 12. c4 Ne7 13. c5 Qc6 14.
Nc3 O-O 15. b4 b5 16. Qd3 Ng6 17. Nxb5 e5 18. dxe5 fxe5 19. Qe2 a6 20. Nd6 Nf6
21. Ng5 Ne4 22. Ne6 Rxf2 23. Qg4 Nf6 24. Qh3 Rb2 25. Reb1 Re2 26. Qf3 Rc2 27.
h3 Nh4 28. Qf1 Rxg2+ 29. Kh1 d4 30. e4 Nxe4 31. Qf7+ Kh8 32. Nxe4 Qxe4 33. Rf1
Rf2+ 34. Qf3 Qxf3+ 35. Kg1 Qg2# 0-1

[Event "Howell (US Am N/2/17)"]
[Site "?"]
[Date "1996.??.??"]
[Round "?"]
[White "Hanna, Carl"]
[Black "Williams, Ron"]
[Result "0-1"]
[WhiteElo "1625"]
[BlackElo "1900"]
[PlyCount "80"]
[EventDate "1996.??.??"]

{2/(17)} 1. Nf3 Nf6 2. g3 d5 3. Bg2 Bf5 4. O-O c6 5. d3 e6 6. Nbd2 Bc5 7. h3
Qc7 8. d4 Be7 9. Ne5 Nbd7 10. Ndf3 Nxe5 11. Nxe5 Bd6 12. Bf4 h6 13. h4 Nh5 14.
e3 Nxf4 15. exf4 O-O 16. Qh5 Bxe5 17. fxe5 Bxc2 18. Rac1 Bf5 19. Qe2 Qb6 20.
Qd2 a5 21. Kh2 Rfc8 22. Bh3 Bxh3 23. Kxh3 c5 24. dxc5 Rxc5 25. Rxc5 Qxc5 26.
Rc1 Qb6 27. f4 Rd8 28. b3 d4 29. Rc4 d3 30. Ra4 Rd5 31. Rc4 Qd8 32. Rc3 b5 33.
a3 b4 34. axb4 axb4 35. Rc4 Qb6 36. Rxb4 Qxb4 37. Qxb4 d2 38. Qb8+ Kh7 39. b4
d1=Q 40. b5 h5 0-1

[Event "Lansing (MOR/7/22)"]
[Site "?"]
[Date "1996.??.??"]
[Round "?"]
[White "Hanna, Carl"]
[Black "Tobias, Philip"]
[Result "0-1"]
[WhiteElo "1605"]
[BlackElo "1605"]
[PlyCount "88"]
[EventDate "1996.??.??"]

{7/(22)} 1. d4 Nf6 2. c4 c5 3. d5 d6 4. Nc3 g6 5. e3 Bg7 6. Bd3 Nbd7 7. Nf3 b6
8. Qc2 Bb7 9. b3 e6 10. dxe6 fxe6 11. Bxg6+ hxg6 12. Qxg6+ Kf8 13. Bb2 Rh6 14.
Qc2 Bxf3 15. gxf3 Kf7 16. Ke2 Qh8 17. Rag1 Rg8 18. Rg2 Ne8 19. Rhg1 Rxh2 20.
Rxh2 Qxh2 21. Qg6+ Kf8 22. Ne4 Qh6 23. Bxg7+ Qxg7 24. Qxg7+ Rxg7 25. Rg4 Rxg4
26. fxg4 Ndf6 27. Nxf6 Nxf6 28. f3 Kg7 29. a4 d5 30. cxd5 Nxd5 31. Kd3 a6 32.
e4 Nb4+ 33. Ke3 b5 34. axb5 axb5 35. f4 c4 36. bxc4 bxc4 37. Kd4 Nd3 38. Kxc4
Nxf4 39. Kd4 Kf6 40. g5+ Kxg5 41. Ke5 Kg4 42. Kd4 Ng6 43. Ke3 e5 44. Kd3 Kf3
0-1

[Event "Lansing (MOR/5/8)"]
[Site "?"]
[Date "1996.??.??"]
[Round "?"]
[White "Hanna, Carl"]
[Black "Sundeen, David"]
[Result "0-1"]
[WhiteElo "1605"]
[BlackElo "1715"]
[PlyCount "44"]
[EventDate "1996.??.??"]

{5/(8)} 1. d4 Nf6 2. c4 c5 3. Nf3 g6 4. Nc3 Bg7 5. e3 O-O 6. Bd3 d6 7. O-O a6
8. d5 Bg4 9. Qc2 Bxf3 10. gxf3 Nbd7 11. f4 e6 12. dxe6 fxe6 13. Bxg6 hxg6 14.
Qxg6 Qe8 15. Qg2 Qh5 16. Kh1 Kf7 17. Rg1 Rg8 18. Qxb7 Rh8 19. Rg2 Rag8 20. Bd2
Ke7 21. Rag1 Ng4 22. Qf3 Qxh2+ 0-1

[Event "Howell (US Am N/4/16)"]
[Site "?"]
[Date "1996.??.??"]
[Round "?"]
[White "Hanna, Carl"]
[Black "Sparks, Frazier"]
[Result "0-1"]
[WhiteElo "1620"]
[BlackElo "1875"]
[PlyCount "84"]
[EventDate "1996.??.??"]

{4/(16)} 1. Nf3 f5 2. g3 Nf6 3. Bg2 e6 4. O-O Be7 5. d3 O-O 6. Nbd2 d5 7. Re1
Nc6 8. e3 e5 9. Nb3 Qe8 10. Nfd2 Be6 11. e4 fxe4 12. dxe4 d4 13. Nf3 h6 14. h3
Nh5 15. Qe2 Qg6 16. Kh2 Rf7 17. Bd2 b6 18. Rg1 Raf8 19. Raf1 a6 20. a3 b5 21.
Nc1 Bd7 22. Nd3 Qe6 23. Nh4 Bxh4 24. Qxh5 Be7 25. Qe2 Bd6 26. Qh5 Ne7 27. f3
Ng6 28. g4 c5 29. g5 c4 30. Nb4 Bxb4 31. Bxb4 Rf4 32. gxh6 Rh4 33. Qxh4 Nxh4
34. Bxf8 Kxf8 35. h7 Qh6 36. f4 Qxh7 37. fxe5+ Ke7 38. Bf3 Ng6 39. Bg4 Nxe5 40.
Bxd7 Kxd7 41. Rf5 Kd6 42. Rfg5 Nf3+ 0-1

[Event "Howell (US Am N/6/31)"]
[Site "?"]
[Date "1996.??.??"]
[Round "?"]
[White "Hanna, Carl"]
[Black "Jackson, Don"]
[Result "1-0"]
[WhiteElo "1625"]
[BlackElo "1605"]
[PlyCount "56"]
[EventDate "1996.??.??"]

{6/(31)} 1. Nf3 h6 2. g3 g5 3. Bg2 Bg7 4. O-O c5 5. e4 Nc6 6. d3 Nd4 7. c3 Nc6
8. Be3 e5 9. Bxc5 d6 10. Ba3 Nge7 11. Nbd2 b5 12. b4 Ng6 13. c4 a6 14. Rc1 Nce7
15. Bb2 g4 16. Ne1 h5 17. f3 h4 18. fxg4 hxg3 19. h3 Nf4 20. Rxf4 exf4 21. Bxg7
Rg8 22. Bb2 Ng6 23. Qf3 Bb7 24. a3 Qg5 25. cxb5 Nh4 26. Qe2 Qxb5 27. Nc4 Kd7
28. Nf3 Nxf3+ 1-0

[Event "Lansing (MOR/3/4)"]
[Site "?"]
[Date "1996.??.??"]
[Round "?"]
[White "Hanna, Carl"]
[Black "Herron, J."]
[Result "0-1"]
[WhiteElo "1605"]
[BlackElo "1725"]
[PlyCount "66"]
[EventDate "1996.??.??"]

{3/(4)} 1. d4 g6 2. e4 Bg7 3. Nf3 d6 4. Nc3 Nf6 5. Bg5 h6 6. Bf4 Nc6 7. Qd2 g5
8. Be3 Bg4 9. O-O-O Bh5 10. h3 Bg6 11. Bd3 Nb4 12. Rdg1 Nxd3+ 13. cxd3 Nd7 14.
g4 Rc8 15. h4 f6 16. hxg5 fxg5 17. Bxg5 hxg5 18. Nxg5 Nf8 19. Rxh8 Bxh8 20. d5
Qd7 21. f4 c6 22. f5 cxd5 23. Kb1 Bxc3 24. bxc3 Bf7 25. Nxf7 Kxf7 26. g5 Qc6
27. g6+ Ke8 28. g7 Qb6+ 29. Kc2 Qxg1 30. gxf8=Q+ Kxf8 31. Qh6+ Qg7 32. Qe6
Qxc3+ 33. Kd1 Qxd3+ 0-1

[Event "Lansing (MOR/1b/14)"]
[Site "?"]
[Date "1996.??.??"]
[Round "?"]
[White "Hanna, Carl"]
[Black "Burye, T."]
[Result "1-0"]
[WhiteElo "1605"]
[BlackElo "1605"]
[PlyCount "57"]
[EventDate "1996.??.??"]

1. d4 d5 2. c4 e6 3. Nc3 Nf6 4. Nf3 dxc4 5. e3 Bb4 6. Bxc4 Nd5 7. Bd2 b6 8. O-O
Ba6 9. Bxa6 Nxa6 10. Qa4+ Qd7 11. Qxa6 b5 12. Ne5 Qd6 13. Qxb5+ c6 14. Nxc6 a6
15. Qa4 O-O 16. Ne4 Nb6 17. Nxd6 Nxa4 18. Bxb4 Nxb2 19. Nc4 Nxc4 20. Bxf8 Rxf8
21. Rfc1 Nd6 22. Rc2 f5 23. Rac1 Rc8 24. Ne7+ Kf8 25. Nxc8 Nxc8 26. Rxc8+ Kf7
27. f4 g6 28. R1c7+ Kf6 29. Rf8# 1-0

[Event "Lansing (MI Op/6/16)"]
[Site "?"]
[Date "1996.??.??"]
[Round "?"]
[White "Hankinson, Chris"]
[Black "Zubatch, Steve"]
[Result "1/2-1/2"]
[WhiteElo "2110"]
[BlackElo "1800"]
[PlyCount "56"]
[EventDate "1996.??.??"]

{6/(16)} 1. h3 Nf6 2. b4 g6 3. Bb2 Bg7 4. c4 O-O 5. Nf3 a5 6. a3 axb4 7. axb4
Rxa1 8. Bxa1 b6 9. e3 Bb7 10. Be2 c5 11. b5 d5 12. Na3 Nbd7 13. cxd5 Bxd5 14.
O-O Qa8 15. Nc4 Qa2 16. Nce5 Nxe5 17. Bxe5 Ra8 18. Qa1 Ne8 19. Bxg7 Nxg7 20.
Qe5 Ne6 21. h4 Bc4 22. Re1 Bxe2 23. Rxe2 Qb1+ 24. Re1 Qxb5 25. d4 Qb2 26. dxc5
Qxe5 27. Nxe5 bxc5 28. Rc1 Rc8 1/2-1/2